[Event "22nd WCh U20 Girls"]
[Site "Kochi IND"]
[Date "2004.11.22"]
[Round "6.9"]
[White "Bensdorp, Marlies"]
[Black "Raghavi, Nagarajan"]
[Result "1/2-1/2"]
[WhiteElo "2214"]
[BlackElo "2117"]
[EventDate "2004.11.20"]
[PlyCount "78"]

1.d4 d5 2.c4 e6 3.Nf3 Be7 4.Nc3 Nf6 5.Bg5 h6 6.Bh4 O-O 7.e3 b6 8.Bd3 Bb7 
9.O-O c5 10.cxd5 exd5 11.Rc1 Nbd7 12.Qe2 Ne4 13.Bxe7 Qxe7 14.Ba6 Ndf6 15.
Bxb7 Qxb7 16.dxc5 bxc5 17.Rfd1 Rab8 18.b3 Rfe8 19.Nxe4 Nxe4 20.Qd3 Rbd8 
21.Rc2 Re6 22.Nd2 Qe7 23.Nxe4 Rxe4 24.Qb5 d4 25.Qxc5 dxe3 26.Rxd8+ Qxd8 
27.Qc8 exf2+ 28.Kxf2 Re8 29.Qxd8 Rxd8 30.Ke3 Rd7 31.Rc8+ Kh7 32.b4 f5 33.
a4 f4+ 34.Ke4 Rd2 35.Rc7 a6 36.Ra7 Rb2 37.Rxa6 Rxb4+ 38.Kf3 g5 39.a5 h5 
1/2-1/2

[Event "22nd WCh U20 Girls"]
[Site "Kochi IND"]
[Date "2004.11.22"]
[Round "6.11"]
[White "Chandra, Koneru"]
[Black "Hodova, Lucie"]
[Result "1-0"]
[WhiteElo "2107"]
[BlackElo "2118"]
[EventDate "2004.11.20"]
[PlyCount "83"]

1.d4 c5 2.d5 e6 3.e4 exd5 4.exd5 d6 5.Be2 Nf6 6.Nc3 Be7 7.Nf3 O-O 8.O-O 
Na6 9.Re1 Nc7 10.a4 Re8 11.h3 b6 12.Bf4 a6 13.Bc4 Bb7 14.Rb1 Qd7 15.b4 
Rab8 16.bxc5 bxc5 17.Qd3 Bf8 18.Rxe8 Qxe8 19.Bg5 Be7 20.Re1 Qd7 21.Rb1 Qd8
22.Bf4 Qd7 23.Ng5 h6 24.Nge4 Nxe4 25.Nxe4 Ne8 26.Nxc5 Qc7 27.Nxb7 Rxb7 28.
Rxb7 Qxb7 29.Bxa6 Qb4 30.Qb5 Qxf4 31.Qxe8+ Bf8 32.Bf1 Qd2 33.Qa8 g6 34.a5 
Kg7 35.a6 Be7 36.Qc6 Bh4 37.Qb6 Bf6 38.Qe3 Qxc2 39.a7 Qa2 40.Qb6 Be5 41.
Qa6 Qd2 42.a8=Q 1-0

[Event "22nd WCh U20 Girls"]
[Site "Kochi IND"]
[Date "2004.11.22"]
[Round "6.14"]
[White "Gutierrez Castillo, Paloma"]
[Black "Meenu, Rajendran"]
[Result "1-0"]
[WhiteElo "2119"]
[BlackElo "1979"]
[EventDate "2004.11.20"]
[PlyCount "91"]

1.e4 e5 2.Nf3 Nc6 3.Bc4 Bc5 4.c3 Nf6 5.d3 d6 6.Bb3 Bb6 7.Nbd2 O-O 8.O-O h6
9.h3 Be6 10.Nc4 d5 11.exd5 Bxd5 12.Ncxe5 Re8 13.Bxd5 Qxd5 14.Nxc6 Qxc6 15.
d4 Qb5 16.Qb3 Qxb3 17.axb3 Re2 18.Re1 Rxe1+ 19.Nxe1 c5 20.dxc5 Bxc5 21.Nc2
Rd8 22.Be3 Bxe3 23.Nxe3 a6 24.Rd1 Rxd1+ 25.Nxd1 Ne4 26.f3 Nc5 27.b4 Nd3 
28.g3 Ne5 29.Kf2 Kf8 30.Ke2 Ke7 31.Ne3 Ke6 32.f4 Nc6 33.Kd3 b5 34.Nc2 Kd5 
35.b3 g5 36.c4+ Kd6 37.Kc3 f6 38.Nd4 gxf4 39.Nxc6 fxg3 40.Nd4 g2 41.Nf3 
Ke6 42.Kd3 Kf5 43.Ke3 h5 44.Nh4+ Ke5 45.Nxg2 Kd6 46.Nf4 1-0

[Event "22nd WCh U20 Girls"]
[Site "Kochi IND"]
[Date "2004.11.22"]
[Round "6.16"]
[White "Delphin, C."]
[Black "Ramya Krishna, Inapuri"]
[Result "0-1"]
[WhiteElo "1998"]
[BlackElo "2096"]
[EventDate "2004.11.20"]
[PlyCount "72"]

1.e4 e5 2.Nf3 Nc6 3.Bb5 a6 4.Bxc6 dxc6 5.O-O Bg4 6.h3 h5 7.d3 Qf6 8.Be3 
Bxf3 9.Qxf3 Qxf3 10.gxf3 Bd6 11.Nd2 Ne7 12.Kh1 f6 13.Rg1 Kf7 14.Nc4 Ng6 
15.Rg3 Nf4 16.Rag1 g5 17.Na5 Bb4 18.Nc4 Bd6 19.c3 b6 20.Bxb6 cxb6 21.Nxd6+
Ke6 22.Nc4 b5 23.Ne3 Rad8 24.Rd1 Rd6 25.d4 Rhd8 26.Nc2 exd4 27.cxd4 Ng6 
28.e5 Rd5 29.exf6 Kxf6 30.Ne3 Rxd4 31.Rdg1 Rh4 32.Rxg5 Rxh3+ 33.Kg2 Nf4+ 
34.Kf1 Rxf3 35.Rf5+ Ke6 36.Rg7 Rd2 0-1

[Event "22nd WCh U20 Girls"]
[Site "Kochi IND"]
[Date "2004.11.23"]
[Round "7.1"]
[White "Pahtz, Elisabeth"]
[Black "Korbut, Ekaterina"]
[Result "1/2-1/2"]
[WhiteElo "2398"]
[BlackElo "2400"]
[EventDate "2004.11.20"]
[PlyCount "110"]

1.e4 c5 2.Nf3 Nc6 3.d4 cxd4 4.Nxd4 g6 5.Nc3 Bg7 6.Be3 Nf6 7.Bc4 O-O 8.Bb3 
d6 9.f3 Nxd4 10.Bxd4 Qa5 11.Qd2 Be6 12.O-O b5 13.Rad1 Rfc8 14.Bxe6 fxe6 
15.a3 Rc4 16.Bf2 Nd7 17.Qg5 Bf6 18.Qg4 Nf8 19.Be1 Qb6+ 20.Kh1 a5 21.Bh4 
Bxh4 22.Qxh4 Qb7 23.Rd2 Rac8 24.Qf2 Qc6 25.Rc1 b4 26.axb4 Rxb4 27.Nd1 Qc5 
28.Kg1 Nd7 29.Ra1 Nb6 30.Qxc5 Rxc5 31.b3 a4 32.bxa4 Nxa4 33.Kf2 Nb2 34.Ne3
Na4 35.Nd1 Kf7 36.Ra3 Nb6 37.Ne3 Rc7 38.Rdd3 Nd7 39.Rab3 Rxb3 40.Rxb3 Ra7 
41.Rb2 Ne5 42.Rb1 Ra2 43.Rd1 Nc6 44.Rd3 Nb4 45.Rd2 Ke8 46.Ke2 Kd7 47.c3 
Rxd2+ 48.Kxd2 Nc6 49.Kd3 Ne5+ 50.Kd4 g5 51.Nc2 Ng6 52.Ke3 e5 53.Nb4 e6 54.
g3 Kc7 55.Nd3 Kc6 1/2-1/2

[Event "22nd WCh U20 Girls"]
[Site "Kochi IND"]
[Date "2004.11.23"]
[Round "7.2"]
[White "Aketaeva, Dana"]
[Black "Ushenina, Anna"]
[Result "0-1"]
[WhiteElo "2223"]
[BlackElo "2370"]
[EventDate "2004.11.20"]
[PlyCount "86"]

1.e4 c6 2.d4 d5 3.exd5 cxd5 4.Bd3 Nc6 5.c3 g6 6.Bf4 Bg7 7.Nf3 Nf6 8.Nbd2 
O-O 9.O-O Nh5 10.Be3 Qd6 11.Re1 Nf4 12.Bc2 Qf6 13.h3 Rd8 14.Nf1 Bf5 15.
Bxf5 Qxf5 16.Ng3 Qf6 17.Ne5 Nxe5 18.dxe5 Qg5 19.Bd4 h5 20.Qf3 Ne6 21.Qe3 
Qxe3 22.fxe3 Nf8 23.e4 Ne6 24.Nf1 Nxd4 25.cxd4 Rac8 26.exd5 Rxd5 27.Re4 
Rcd8 28.Rc1 Rxd4 29.Rxd4 Rxd4 30.Rc7 Rb4 31.b3 Bxe5 32.Rxe7 Bd4+ 33.Kh2 
Kf8 34.Re2 Rb5 35.Kg3 Rf5 36.Nd2 Be5+ 37.Kh4 Kg7 38.g4 Kh6 39.gxh5 Rg5 40.
Ne4 Rxh5+ 41.Kg4 f5+ 42.Kf3 Rxh3+ 43.Kg2 Rh2+ 0-1

[Event "22nd WCh U20 Girls"]
[Site "Kochi IND"]
[Date "2004.11.23"]
[Round "7.4"]
[White "Karavade, Eesha"]
[Black "Tania, Sachdev"]
[Result "1-0"]
[WhiteElo "2307"]
[BlackElo "2256"]
[EventDate "2004.11.20"]
[PlyCount "107"]

1.Nf3 Nf6 2.c4 e6 3.g3 b6 4.Bg2 Bb7 5.O-O Be7 6.Nc3 O-O 7.Re1 d5 8.cxd5 
exd5 9.d4 Na6 10.Bf4 Re8 11.Rc1 c5 12.dxc5 bxc5 13.Ne5 Bd6 14.Nd3 Rb8 15.
b3 Nb4 16.Bg5 d4 17.Nxb4 Bxg2 18.Kxg2 cxb4 19.Na4 Be7 20.Bxf6 Bxf6 21.Qd3 
Qe7 22.Rc2 g6 23.Nb2 Rb6 24.Qf3 Re6 25.Nd3 Qd6 26.Rec1 Bg5 27.Rc6 Qb8 28.
R1c2 Rxc6 29.Qxc6 a5 30.Rc5 Bd2 31.Rxa5 Qd8 32.Re5 Rxe5 33.Nxe5 Qe7 34.Qd5
Bc3 35.Kf1 Kg7 36.Nc6 Qf6 37.Qe5 Qxe5 38.Nxe5 Kf6 39.Nc4 Ke6 40.Kg2 Kd5 
41.Kf3 f5 42.Kf4 Be1 43.f3 h6 44.e4+ Ke6 45.exf5+ gxf5 46.g4 fxg4 47.fxg4 
Kd5 48.Nb2 Bd2+ 49.Kf5 d3 50.Nxd3 Kd4 51.Nb2 Kc3 52.Nc4 Bg5 53.Kg6 Kc2 54.
h4 1-0

[Event "22nd WCh U20 Girls"]
[Site "Kochi IND"]
[Date "2004.11.23"]
[Round "7.6"]
[White "Majdan, Joanna"]
[Black "Vinuthna, N."]
[Result "0-1"]
[WhiteElo "2219"]
[BlackElo "2229"]
[EventDate "2004.11.20"]
[PlyCount "138"]

1.e4 c5 2.Nf3 Nc6 3.d4 cxd4 4.Nxd4 Nf6 5.Nc3 e5 6.Ndb5 d6 7.Bg5 a6 8.Na3 
b5 9.Bxf6 gxf6 10.Nd5 Bg7 11.Bd3 Ne7 12.Nxe7 Qxe7 13.O-O O-O 14.Qf3 f5 15.
c4 d5 16.cxd5 fxe4 17.Bxe4 Rb8 18.Rad1 Rb6 19.d6 Rxd6 20.Rxd6 Qxd6 21.Rd1 
Qe7 22.Nc2 f5 23.Bd5+ Kh8 24.Qb3 Qh4 25.Nb4 e4 26.Nc6 Qf6 27.Na7 Bd7 28.h3
Qb6 29.Qe3 Qxe3 30.fxe3 Bxb2 31.Bb3 Be8 32.Kf2 Ba3 33.Rd5 Kg7 34.g3 Kf6 
35.g4 fxg4 36.hxg4 Kg6+ 37.Ke2 Bf7 38.Re5 Re8 39.Nc6 Bd6 40.Rxe8 Bxe8 41.
Bd5 Bd7 42.Bxe4+ Kg5 43.Na5 Bxg4+ 44.Kf2 h5 45.Bb7 Bc7 46.Bxa6 Bxa5 47.
Bxb5 Kf6 48.Bc6 Ke5 49.a3 Kd6 50.Ba8 Bb6 51.Bb7 Bc5 52.a4 Bb4 53.Ba8 Bd7 
54.Bf3 h4 55.Kg2 Bxa4 56.Kh2 Bd2 57.Bg2 Bxe3 58.Ba8 Ke5 59.Bb7 Bf4+ 60.Kg2
Bd7 61.Ba8 Kf5 62.Bb7 Bg3 63.Ba8 Kf4 64.Bb7 h3+ 65.Kh1 Kg4 66.Ba8 Bd6 67.
Bb7 Kg3 68.Ba8 Bc5 69.Bd5 Bb5 0-1

[Event "22nd WCh U20 Girls"]
[Site "Kochi IND"]
[Date "2004.11.23"]
[Round "7.8"]
[White "Gutsko, Anastasia"]
[Black "Gutierrez Castillo, Paloma"]
[Result "0-1"]
[WhiteElo "2272"]
[BlackElo "2119"]
[EventDate "2004.11.20"]
[PlyCount "152"]

1.e4 e5 2.Nf3 Nc6 3.Bb5 Nf6 4.O-O Nxe4 5.d4 Nd6 6.Bxc6 dxc6 7.dxe5 Ne4 8.
Qe2 Bf5 9.Rd1 Qe7 10.Nd4 Bg6 11.Nc3 Qxe5 12.f4 Qe7 13.f5 Nxc3 14.Qxe7+ 
Bxe7 15.bxc3 Bh5 16.Re1 Kd7 17.Re4 c5 18.Ba3 Rae8 19.Nb3 Bd6 20.Rh4 Be2 
21.Bxc5 Bxc5+ 22.Nxc5+ Kc8 23.Nd3 g6 24.fxg6 hxg6 25.Rxh8 Rxh8 26.Ne5 Rf8 
27.Re1 Bb5 28.c4 Be8 29.Rf1 f6 30.h4 Kd8 31.Ng4 Ke7 32.Ne3 c6 33.c5 Bf7 
34.Rb1 Rb8 35.a4 b5 36.g3 a6 37.Ng4 Bd5 38.Nf2 Kf7 39.Nd3 Be4 40.Kf2 Bxd3 
41.cxd3 Ke6 42.Ke3 Kd5 43.d4 Re8+ 44.Kd3 Re4 45.axb5 Rxd4+ 46.Kc3 axb5 47.
Rf1 Rg4 48.Rxf6 Rxg3+ 49.Kb2 Kxc5 50.Rf4 Kb6 51.Rf6 Rg4 52.Kb3 Rxh4 53.
Rxg6 Rd4 54.Rh6 Kc5 55.Rh5+ Rd5 56.Rh3 Re5 57.Rg3 Re6 58.Rg5+ Kb6 59.Rg3 
c5 60.Rf3 Ka5 61.Rg3 c4+ 62.Kc3 Rc6 63.Rg8 b4+ 64.Kc2 Kb5 65.Rb8+ Kc5 66.
Rg8 Rd6 67.Rg5+ Rd5 68.Rg8 b3+ 69.Kc3 Rd3+ 70.Kb2 Rd2+ 71.Kc1 Rh2 72.Rg5+ 
Kb4 73.Rg8 Rh1+ 74.Kd2 c3+ 75.Kd3 Rd1+ 76.Ke2 Rd5 0-1

[Event "22nd WCh U20 Girls"]
[Site "Kochi IND"]
[Date "2004.11.23"]
[Round "7.9"]
[White "Ramya Krishna, Inapuri"]
[Black "Bensdorp, Marlies"]
[Result "0-1"]
[WhiteElo "2096"]
[BlackElo "2214"]
[EventDate "2004.11.20"]
[PlyCount "102"]

1.d4 d5 2.c4 c6 3.cxd5 cxd5 4.Nc3 Nf6 5.Bf4 Nc6 6.Nf3 a6 7.e3 Bg4 8.Be2 e6
9.Qb3 Ra7 10.Rc1 Nd7 11.h3 Bf5 12.O-O Be7 13.Na4 O-O 14.Nc5 Nxc5 15.dxc5 
Bf6 16.Bd6 Re8 17.Rfd1 Qd7 18.Bd3 Bxd3 19.Rxd3 Raa8 20.Bg3 Na5 21.Qb4 Qb5 
22.Qxb5 axb5 23.Rc2 Rec8 24.Ra3 b4 25.Ra4 Nc6 26.Rxa8 Rxa8 27.b3 Bc3 28.
Kf1 e5 29.Bh2 f6 30.g4 Ra5 31.Nh4 Rxc5 32.Nf5 Na7 33.f4 e4 34.Nd6 b6 35.
Bg3 Rc6 36.f5 Kf8 37.h4 Ke7 38.Nb7 Nb5 39.Rc1 d4 40.exd4 Nxd4 41.Kf2 Nb5 
42.Ke2 Kd7 43.Rd1+ Bd4 44.Kf1 Rc3 45.Nd6 Nxd6 46.Bxd6 Kxd6 47.Rxd4+ Ke5 
48.Rd7 Kf4 49.Rxg7 Kf3 50.Rg8 e3 51.g5 e2+ 0-1

[Event "22nd WCh U20 Girls"]
[Site "Kochi IND"]
[Date "2004.11.23"]
[Round "7.10"]
[White "Raghavi, Nagarajan"]
[Black "Perez Rodriguez, Jennifer"]
[Result "1-0"]
[WhiteElo "2117"]
[BlackElo "2162"]
[EventDate "2004.11.20"]
[PlyCount "79"]

1.e4 e5 2.Nf3 Nc6 3.Bb5 f5 4.Qe2 fxe4 5.Bxc6 dxc6 6.Qxe4 Bd6 7.Nxe5 Nf6 8.
Qe2 O-O 9.d4 Kh8 10.O-O Bf5 11.Bg5 Qe7 12.Re1 h6 13.Qf3 hxg5 14.Qxf5 Bxe5 
15.Rxe5 Qb4 16.Qh3+ Nh7 17.Qc3 Qd6 18.Nd2 Rad8 19.Nb3 Rf4 20.Qe3 Rdf8 21.
Re1 Rxf2 22.Qxf2 Rxf2 23.Kxf2 Nf6 24.Kg1 Ng4 25.Re8+ Kh7 26.g3 a5 27.c3 a4
28.Nc5 Qf6 29.Ne4 Qg6 30.Re6 Qh5 31.h3 Nf6 32.Rxf6 Kg8 33.Kg2 g4 34.hxg4 
Qd5 35.Rf2 Qxa2 36.Kg1 Qd5 37.Nc5 Qg5 38.Re8+ Kh7 39.Ne6 Qxg4 40.Rh2+ 1-0

[Event "22nd WCh U20 Girls"]
[Site "Kochi IND"]
[Date "2004.11.23"]
[Round "7.12"]
[White "Nimmy, A. G."]
[Black "Mijovic, Aleksandra"]
[Result "0-1"]
[WhiteElo "2063"]
[BlackElo "2152"]
[EventDate "2004.11.20"]
[PlyCount "88"]

1.e4 c5 2.Nf3 e6 3.d4 cxd4 4.Nxd4 Nf6 5.Nc3 d6 6.Be2 Nc6 7.Be3 Be7 8.O-O 
O-O 9.f4 Bd7 10.Kh1 Nxd4 11.Bxd4 Bc6 12.Bd3 b5 13.e5 dxe5 14.fxe5 Nd7 15.
Ne4 Rc8 16.Nf6+ Bxf6 17.exf6 g6 18.Qd2 Kh8 19.Qh6 Rg8 20.Rf4 Nf8 21.Bxa7 
e5 22.Rf2 Ne6 23.Be3 b4 24.Re1 Qd5 25.b3 Bb5 26.Rf3 Nf8 27.Bd2 Bxd3 28.
Rxd3 Qb5 29.h3 Rxc2 30.Rd8 Ne6 31.Rxg8+ Kxg8 32.Re4 Qf1+ 33.Kh2 Qxf6 34.
Rxb4 Qd8 35.Be3 Rxa2 36.Rb5 Qd6 37.Rb6 Qc7 38.h4 Nd4 39.Rb4 Nf5 40.Qg5 h6 
41.Bb6 Qxb6 42.Qg4 Qe6 43.Rb8+ Kg7 44.Qb4 Qd6 0-1

[Event "22nd WCh U20 Girls"]
[Site "Kochi IND"]
[Date "2004.11.23"]
[Round "7.13"]
[White "Kruttika, Nadig"]
[Black "Van Weersel, Arlette"]
[Result "1-0"]
[WhiteElo "2182"]
[BlackElo "2184"]
[EventDate "2004.11.20"]
[PlyCount "93"]

1.e4 e5 2.Nf3 Nc6 3.d4 exd4 4.Nxd4 Bc5 5.Be3 Qf6 6.c3 Nge7 7.Bc4 Ne5 8.Be2
d5 9.O-O O-O 10.Nd2 Bb6 11.f4 N5c6 12.e5 Qg6 13.N2f3 Bg4 14.Qd2 Bxd4 15.
Bxd4 Nxd4 16.cxd4 Qb6 17.h3 Bf5 18.Rac1 Rac8 19.Rc5 a6 20.Rfc1 Qa7 21.g4 
Be4 22.Ng5 b6 23.R5c3 Rfd8 24.f5 h6 25.f6 hxg5 26.fxe7 Re8 27.Rc6 Rxe7 28.
Qxg5 Rce8 29.h4 a5 30.h5 b5 31.R1c5 b4 32.h6 Bg6 33.hxg7 Kxg7 34.Bd3 Re6 
35.Rxc7 Qb6 36.Bf5 Qa6 37.Bxe6 Rxe6 38.Qe3 Be4 39.Qf2 Bg6 40.Rxd5 Qd3 41.
Rdd7 Qd1+ 42.Kh2 Qxg4 43.Rxf7+ Kh6 44.Rf4 Qd1 45.Rh4+ Bh5 46.Rc8 Rg6 47.
Rh8+ 1-0

[Event "22nd WCh U20 Girls"]
[Site "Kochi IND"]
[Date "2004.11.23"]
[Round "7.17"]
[White "Elappen, Jenine"]
[Black "Stiri, Alexandra"]
[Result "0-1"]
[WhiteElo "2031"]
[BlackElo "2201"]
[EventDate "2004.11.20"]
[PlyCount "106"]

1.e4 c5 2.Nf3 e6 3.c3 d5 4.exd5 Qxd5 5.d4 Nf6 6.Be2 cxd4 7.cxd4 Bd7 8.Nc3 
Qa5 9.O-O Bc6 10.Ne5 Bd6 11.Nxc6 Nxc6 12.Re1 O-O 13.a3 Rfd8 14.Be3 Be5 15.
Nb5 Rd7 16.Qb3 Bb8 17.Red1 a6 18.Nc3 Ba7 19.Qc4 Qd8 20.Bf3 Rc8 21.Bxc6 
Rxc6 22.Qb3 Rcd6 23.Ne2 e5 24.d5 Bxe3 25.Qxe3 Re7 26.Nc3 Nxd5 27.Nxd5 Rxd5
28.Rxd5 Qxd5 29.Re1 f5 30.h3 Kf7 31.Qe2 g6 32.Rd1 Qc5 33.Qd2 Qb6 34.Qh6 
Kg8 35.Qg5 Re8 36.Rd7 Qc6 37.Qd2 Rc8 38.Kh2 Rc7 39.Rd6 Qc5 40.Rd5 Qe7 41.
Qe3 Kf7 42.Rxe5 Qd6 43.g3 Re7 44.Rxe7+ Qxe7 45.Qxe7+ Kxe7 46.Kg2 Ke6 47.
Kf3 Kd5 48.b3 Kd4 49.g4 Kc3 50.gxf5 gxf5 51.b4 Kb3 52.Kf4 Kxa3 53.Kxf5 
Kxb4 0-1

[Event "22nd WCh U20 Girls"]
[Site "Kochi IND"]
[Date "2004.11.23"]
[Round "7.18"]
[White "Brekke, Jorunn"]
[Black "Sandhya, N."]
[Result "1/2-1/2"]
[WhiteElo "1988"]
[BlackElo "2113"]
[EventDate "2004.11.20"]
[PlyCount "91"]

1.d4 Nf6 2.c4 g6 3.Nc3 Bg7 4.e4 d6 5.f3 O-O 6.Be3 e5 7.Nge2 Nc6 8.d5 Ne7 
9.Qd2 a6 10.g4 Ne8 11.Bh6 f5 12.Bxg7 Nxg7 13.gxf5 gxf5 14.b3 Ng6 15.O-O-O 
Nh4 16.f4 Qf6 17.fxe5 Qxe5 18.exf5 Bxf5 19.Nd4 Rae8 20.Nxf5 Rxf5 21.Bd3 
Nf3 22.Qc2 Rh5 23.Kb2 Kh8 24.Qf2 Rh3 25.Be4 Ng5 26.Bd3 Ne4 27.Qe1 Nxc3 28.
Qxc3 Rxh2+ 29.Rxh2 Qxh2+ 30.Ka3 Qe5 31.Qc2 Qh5 32.Rd2 Re3 33.Rh2 Rh3 34.
Rf2 Kg8 35.Rg2 Qf3 36.Be4 Qf6 37.Rf2 Qd4 38.Rd2 Qe5 39.Re2 Qf6 40.Rf2 Qe7 
41.Re2 Qh4 42.Rg2 Re3 43.Bd3 Rh3 44.Bf5 Rh1 45.Be4 Rh3 46.Bf5 1/2-1/2

[Event "22nd WCh U20 Girls"]
[Site "Kochi IND"]
[Date "2004.11.24"]
[Round "8.1"]
[White "Korbut, Ekaterina"]
[Black "Ushenina, Anna"]
[Result "1-0"]
[WhiteElo "2400"]
[BlackElo "2370"]
[EventDate "2004.11.20"]
[PlyCount "165"]

1.e4 c5 2.Nf3 Nc6 3.d4 cxd4 4.Nxd4 Nf6 5.Nc3 e5 6.Ndb5 d6 7.Bg5 a6 8.Na3 
b5 9.Nd5 Be7 10.Bxf6 Bxf6 11.c3 Bg5 12.Nc2 Rb8 13.a4 bxa4 14.Ncb4 Bd7 15.
Bxa6 Nxb4 16.Nxb4 Be7 17.Bc4 O-O 18.Bd5 Kh8 19.O-O Qb6 20.Qb1 Bb5 21.Re1 
g6 22.Qc2 Bg5 23.Kh1 Bh4 24.g3 Bg5 25.Kg2 f5 26.f3 f4 27.Qf2 Qc7 28.Red1 
fxg3 29.hxg3 h5 30.Rh1 Kg7 31.c4 Qa5 32.Nd3 Bd7 33.b4 Qc7 34.b5 Qa5 35.Qe1
Bd2 36.Qd1 Qc3 37.Rxa4 Be3 38.Ra2 Rf6 39.Rf1 Rbf8 40.Qc2 Qd4 41.Ne1 g5 42.
Qd3 g4 43.Qxd4 Bxd4 44.Ra8 Rxa8 45.Bxa8 Rf8 46.Bd5 Be3 47.fxg4 Rxf1 48.
Kxf1 Bxg4 49.Nd3 Bd7 50.Ke2 Bd4 51.Nb4 Kf6 52.Kd3 Bf2 53.Nc2 Bc5 54.Ne3 
Kg5 55.Bf7 h4 56.gxh4+ Kxh4 57.Nd5 Kg5 58.Kc3 Bc8 59.Be8 Be6 60.Nc7 Bc8 
61.Bc6 Kg4 62.Na8 Kg5 63.b6 Bg4 64.b7 Ba7 65.Nc7 Kf4 66.Na6 Bf3 67.Kd3 Bg2
68.b8=Q Bxb8 69.Nxb8 Bf1+ 70.Kc3 Bg2 71.Nd7 Bxe4 72.Bxe4 Kxe4 73.Nf6+ Kf5 
74.Nd5 Ke4 75.Nb6 Kf5 76.Kd3 Kf4 77.Nd5+ Kf5 78.Ke3 Ke6 79.Ke4 Kd7 80.Nb4 
Ke6 81.Nc2 Kd7 82.Kd5 Ke7 83.Ne3 1-0

[Event "22nd WCh U20 Girls"]
[Site "Kochi IND"]
[Date "2004.11.24"]
[Round "8.3"]
[White "Zhang Jilin"]
[Black "Saheli, Nath"]
[Result "1/2-1/2"]
[WhiteElo "2287"]
[BlackElo "2130"]
[EventDate "2004.11.20"]
[PlyCount "109"]

1.e4 c5 2.Nf3 d6 3.d4 cxd4 4.Nxd4 Nf6 5.Nc3 a6 6.Be2 e5 7.Nb3 Be7 8.O-O 
O-O 9.Kh1 b6 10.f3 Bb7 11.Be3 b5 12.Qd2 Nbd7 13.Rfd1 b4 14.Nd5 Nxd5 15.
exd5 Nf6 16.Bc4 a5 17.Qd3 a4 18.Nc1 Ra5 19.a3 Nxd5 20.Bd2 Nf4 21.Bxf4 bxa3
22.b4 axb3 23.Nxb3 exf4 24.Nxa5 Qxa5 25.Rxa3 Qc5 26.Rb3 Bc6 27.Rc3 Qb6 28.
Bd5 Bxd5 29.Qxd5 Bf6 30.Rc6 Qf2 31.Qd2 Qxd2 32.Rxd2 Be5 33.Kg1 g5 34.Kf2 
Kg7 35.Ke2 Kg6 36.Kd3 Kf5 37.Rd1 h5 38.Rb1 Ra8 39.Rc7 f6 40.h3 Ra3+ 41.Kd2
g4 42.Rb3 Ra1 43.fxg4+ hxg4 44.hxg4+ Kxg4 45.Rg7+ Kf5 46.Kd3 Rd1+ 47.Ke2 
Rc1 48.Kd2 Ra1 49.Rg8 Rf1 50.Rf3 Ra1 51.Kd3 Rd1+ 52.Ke2 Rc1 53.Kd2 Ra1 54.
Rd3 Rf1 55.Rf3 1/2-1/2

[Event "22nd WCh U20 Girls"]
[Site "Kochi IND"]
[Date "2004.11.24"]
[Round "8.4"]
[White "Vinuthna, N."]
[Black "Aketaeva, Dana"]
[Result "1-0"]
[WhiteElo "2229"]
[BlackElo "2223"]
[EventDate "2004.11.20"]
[PlyCount "99"]

1.e4 d5 2.exd5 Nf6 3.Nf3 Nxd5 4.d4 g6 5.Be2 Bg7 6.O-O O-O 7.c4 Nb6 8.h3 c6
9.Nc3 Be6 10.b3 c5 11.Be3 Nc6 12.Nb5 a6 13.dxc5 axb5 14.cxb5 Nb4 15.Bd4 
Nc8 16.a3 Nd5 17.Bxg7 Kxg7 18.Qd4+ Nf6 19.Qc3 Qc7 20.b4 Nb6 21.Qc2 Nbd5 
22.Nd4 Qe5 23.Rfd1 Nxb4 24.Qb2 Nbd5 25.Nxe6+ Qxe6 26.Bg4 Qe4 27.Bf3 Qc4 
28.Bxd5 Qxc5 29.Bxb7 Rab8 30.Rac1 Qb6 31.Bc6 Rfc8 32.Qe5 Qa7 33.Rc3 Kg8 
34.Re3 Qa4 35.Rd4 Qa7 36.a4 Rc7 37.Red3 Rcc8 38.Qe1 Qc5 39.Qc3 Qg5 40.Qd2 
Qe5 41.a5 Rxc6 42.Rd8+ Kg7 43.Rxb8 Ne4 44.Qe3 Re6 45.Qd4 Nd6 46.Qxe5+ Rxe5
47.Rb3 Re1+ 48.Kh2 Ra1 49.Ra8 Kf6 50.b6 1-0

[Event "22nd WCh U20 Girls"]
[Site "Kochi IND"]
[Date "2004.11.24"]
[Round "8.5"]
[White "Ghaderpour, Shayesteh"]
[Black "Kavitha, J. E."]
[Result "0-1"]
[WhiteElo "2025"]
[BlackElo "2088"]
[EventDate "2004.11.20"]
[PlyCount "78"]

1.e4 c5 2.c3 d5 3.exd5 Qxd5 4.d4 Nf6 5.Nf3 e6 6.Be3 cxd4 7.cxd4 Nc6 8.Nc3 
Qd6 9.a3 Be7 10.Bd3 O-O 11.Qc2 g6 12.Rd1 a6 13.O-O Rd8 14.Ne4 Qb8 15.Bg5 
Ng4 16.g3 Bxg5 17.Nexg5 Nf6 18.Ne4 Nd5 19.Nc5 Nce7 20.Qe2 Qa7 21.Bb1 b6 
22.Ne4 Bd7 23.Bd3 Be8 24.h4 Nf5 25.h5 b5 26.Neg5 Nfe7 27.Kg2 Nf6 28.Nxe6 
Rd6 29.Nf4 Ned5 30.Nxd5 Rxd5 31.hxg6 hxg6 32.Rc1 Bd7 33.Rfe1 Kg7 34.Be4 
Re8 35.Bxd5 Rxe2 36.Rxe2 Nxd5 37.Rc5 Qb7 38.Kg1 Bg4 39.Kg2 Nf4+ 0-1

[Event "22nd WCh U20 Girls"]
[Site "Kochi IND"]
[Date "2004.11.24"]
[Round "8.6"]
[White "Motoc, Alina"]
[Black "Mijovic, Aleksandra"]
[Result "1-0"]
[WhiteElo "2359"]
[BlackElo "2152"]
[EventDate "2004.11.20"]
[PlyCount "67"]

1.d4 d5 2.c4 e6 3.Nc3 Nf6 4.Bg5 Be7 5.e3 Nbd7 6.Nf3 O-O 7.cxd5 exd5 8.Qc2 
c6 9.Bd3 Re8 10.O-O Nf8 11.h3 Be6 12.Ne5 N6d7 13.Bxe7 Rxe7 14.f4 f6 15.Nf3
Nb6 16.Rae1 Bf7 17.g4 Qd7 18.Nh4 g6 19.Nf3 Kg7 20.f5 Qd6 21.Qf2 Nfd7 22.e4
dxe4 23.Nxe4 Qf4 24.Qg2 Bd5 25.Nh4 Qh6 26.Qg3 Bxe4 27.fxg6 hxg6 28.Bxe4 
Rh8 29.Nxg6 Rxe4 30.Rxe4 Kxg6 31.Qd3 Kf7 32.Qb3+ Kg6 33.Re7 Qf8 34.Qd3+ 
1-0

[Event "22nd WCh U20 Girls"]
[Site "Kochi IND"]
[Date "2004.11.24"]
[Round "8.7"]
[White "Tania, Sachdev"]
[Black "Gutierrez Castillo, Paloma"]
[Result "1-0"]
[WhiteElo "2256"]
[BlackElo "2119"]
[EventDate "2004.11.20"]
[PlyCount "91"]

1.d4 d5 2.c4 e6 3.Nc3 c6 4.cxd5 exd5 5.Bf4 Bd6 6.Bg3 Nf6 7.e3 O-O 8.Bd3 
Re8 9.Nf3 Bg4 10.Qc2 Bh5 11.O-O Bxg3 12.hxg3 Bg6 13.b4 a6 14.a4 Nbd7 15.b5
axb5 16.axb5 Qe7 17.Bxg6 hxg6 18.Qb3 Ne4 19.Rxa8 Rxa8 20.bxc6 bxc6 21.Qb7 
Qe8 22.Nxe4 dxe4 23.Nd2 Nf6 24.Rb1 Ra2 25.Nc4 Ng4 26.Nd6 Qe6 27.Qxc6 Rxf2 
28.d5 Rxg2+ 29.Kxg2 Nxe3+ 30.Kg1 Nxd5 31.Qc8+ Qxc8 32.Nxc8 f5 33.Nd6 Nf6 
34.Kf2 Ng4+ 35.Ke2 Kh7 36.Rb8 Kh6 37.Nf7+ Kh5 38.Rg8 Nh6 39.Rxg7 Nxf7 40.
Rxf7 Kg4 41.Rg7 Kxg3 42.Rxg6+ Kf4 43.Re6 Kg4 44.Ke3 Kg5 45.Re8 Kg4 46.Rg8+
1-0

[Event "22nd WCh U20 Girls"]
[Site "Kochi IND"]
[Date "2004.11.24"]
[Round "8.9"]
[White "Bensdorp, Marlies"]
[Black "Foudzi, Siti Zulaikha"]
[Result "1/2-1/2"]
[WhiteElo "2214"]
[BlackElo "2162"]
[EventDate "2004.11.20"]
[PlyCount "91"]

1.d4 Nf6 2.c4 g6 3.Nc3 Bg7 4.e4 d6 5.h3 O-O 6.Bg5 Na6 7.Bd3 e5 8.d5 c6 9.
Nge2 Nc5 10.Bc2 cxd5 11.cxd5 a5 12.O-O Bd7 13.a3 a4 14.Kh1 Qb6 15.Rb1 h6 
16.Be3 Qa6 17.Qd2 Kh7 18.Ng3 Bb5 19.Nxb5 Qxb5 20.f3 Nfd7 21.Ne2 Nb6 22.Nc3
Qa6 23.Qf2 Nbd7 24.Rbd1 b5 25.Na2 Qb7 26.Nb4 Na6 27.g4 Ndc5 28.Kg2 Rfc8 
29.Qd2 Nd7 30.Bd3 Nac5 31.Qe2 Nxd3 32.Qxd3 Nc5 33.Bxc5 Rxc5 34.Rc1 Qb6 35.
Rc2 Rac8 36.Rfc1 Bf6 37.Nc6 Bg5 38.Rxc5 dxc5 39.Rc2 c4 40.Qc3 f6 41.Re2 
Qc5 42.Qa5 Be3 43.Qa6 Rg8 44.Qa5 Bd4 45.Rc2 h5 46.Qc7+ 1/2-1/2

[Event "22nd WCh U20 Girls"]
[Site "Kochi IND"]
[Date "2004.11.24"]
[Round "8.10"]
[White "Stiri, Alexandra"]
[Black "Kruttika, Nadig"]
[Result "1/2-1/2"]
[WhiteElo "2201"]
[BlackElo "2182"]
[EventDate "2004.11.20"]
[PlyCount "99"]

1.e4 e5 2.Nf3 Nc6 3.d4 exd4 4.Nxd4 Nf6 5.Nxc6 bxc6 6.e5 Qe7 7.Qe2 Nd5 8.c4
Ba6 9.b3 g6 10.f4 Qb4+ 11.Bd2 Qb6 12.Nc3 Nxc3 13.Bxc3 Bb4 14.Qd3 Qa5 15.
Bxb4 Qxb4+ 16.Qd2 c5 17.O-O-O Qxd2+ 18.Rxd2 Bb7 19.Rg1 O-O-O 20.g3 f6 21.
exf6 Rhf8 22.Bh3 Rxf6 23.Re1 Bc6 24.Re7 h5 25.Re5 Kb7 26.Rxc5 d6 27.Rg5 
Re8 28.Bf1 Re1+ 29.Rd1 Re3 30.Bd3 Be4 31.Bxe4+ Rxe4 32.c5 dxc5 33.Rxc5 Kb6
34.Rdd5 Re1+ 35.Kb2 h4 36.Rg5 c6 37.Rce5 Rf1 38.Re2 Rd6 39.Rg4 hxg3 40.
hxg3 a5 41.Rg5 Rf3 42.Kc2 Ka6 43.a4 Rdd3 44.Rxg6 Rc3+ 45.Kd2 Rxb3 46.Rxc6+
Kb7 47.Rg6 Rb2+ 48.Ke1 Rb1+ 49.Kd2 Rb2+ 50.Ke1 1/2-1/2

[Event "22nd WCh U20 Girls"]
[Site "Kochi IND"]
[Date "2004.11.24"]
[Round "8.12"]
[White "Perez Rodriguez, Jennifer"]
[Black "Nimmy, A. G."]
[Result "1-0"]
[WhiteElo "2162"]
[BlackElo "2063"]
[EventDate "2004.11.20"]
[PlyCount "45"]

1.e4 d5 2.exd5 Qxd5 3.Nc3 Qa5 4.d4 c6 5.Bc4 Nf6 6.Bd2 Qb6 7.Nf3 Bf5 8.Qe2 
Bxc2 9.Ne5 Bg6 10.h4 Qxb2 11.Rc1 Nfd7 12.h5 Nxe5 13.Qxe5 Bc2 14.Qc7 Nd7 
15.d5 Qb6 16.Qf4 g5 17.Qxg5 Qd4 18.Rh4 Qc5 19.Rxc2 O-O-O 20.dxc6 Qxc6 21.
Bd5 Qa6 22.Nb5+ Kb8 23.Bf4+ 1-0

[Event "22nd WCh U20 Girls"]
[Site "Kochi IND"]
[Date "2004.11.24"]
[Round "8.13"]
[White "Anuprita, Patil"]
[Black "Hodova, Lucie"]
[Result "1-0"]
[WhiteElo "2081"]
[BlackElo "2118"]
[EventDate "2004.11.20"]
[PlyCount "89"]

1.e4 c5 2.Nf3 d6 3.d4 cxd4 4.Nxd4 Nf6 5.Nc3 a6 6.Be2 e5 7.Nb3 Be7 8.Bg5 
Nbd7 9.a4 b6 10.O-O Bb7 11.f3 O-O 12.Be3 Qc7 13.Bd3 Bc6 14.Qe2 Qb7 15.Rfd1
Ne8 16.Bc4 Nc7 17.Bd5 Bxd5 18.Nxd5 Nxd5 19.exd5 f5 20.c4 Rae8 21.a5 Nc5 
22.Nd2 bxa5 23.Bxc5 dxc5 24.Rxa5 e4 25.fxe4 Bf6 26.Kh1 Qxb2 27.Qd3 Bd4 28.
exf5 Re3 29.Qb1 Qxb1 30.Rxb1 Bc3 31.Nf1 Bxa5 32.Nxe3 Bd2 33.Nf1 Bc3 34.g4 
a5 35.Rb7 Rd8 36.Ra7 Re8 37.Ng3 h6 38.Kg2 Kf8 39.Kf3 Re7 40.Ra8+ Re8 41.
Ra6 Re5 42.Ne4 Bb4 43.d6 Ke8 44.f6 gxf6 45.Nxf6+ 1-0